000 01040nam a22002657a 4500
999 _c64830
_d64830
005 20240530110753.0
008 181218s2018 ua g b 00| 0 ara d
017 _a2017/27786
_bمصر. دار الكتب
020 _a9789777951241
040 _aEG-CaGPL
_cEG-CaGPL
082 0 4 _221
_a189.17 /
_bع ف
100 0 _aعبد الرشيد محمودى
245 1 0 _aفلاسفة الاندلس :
_bابن باجة. ابن طفيل. ابن رشد : سنوات المحنة والنفى والتكفير /
_cعبد الرشيد محمودى
250 _aط.1
260 _aالقاهرة :
_bالدار المصرية اللبنانية ،
_c2018.
300 _a198 ص. ؛
_c24 سم.
600 0 _aابن باجة
600 0 _aابن طفيل
600 0 _aابن رشد
650 0 7 _2qrmak
_aالفلسفة الاسلامية
650 0 7 _2qrmak
_aالحركات الفكرية عند المسلمين
650 0 7 _2qrmak
_aالفلاسفة المسلمون
942 _2ddc
_cBK